000 01283nam a2200325 i 4500
003 EG-GICUC
005 20260121110826.0
008 251123s2005 ua ar| fr|||| 000 0 ara d
040 _aEG-GICUC
_cEG-GICUC
_dEG-GICUC
_erda
_bara
041 0 _aara
082 0 4 _a341.79
_221
092 0 4 _221
099 _aLaw1 11 2005 341.79 أ ح . و
100 0 _aأحمد فوزي عبد المنعم،
_eمؤلف.
245 0 0 _aوسائل فض المنازعات في اطار منظمة التجارة العالمية /
_cإعداد: د. احمد فوزى عبد المنعم.
264 0 1 _aالقاهرة :
_bالمجلة المصرية للقانون الدولي،
_c2005.
300 _a113 صفحة؛
_c24 سم.
_bإيضاحيات، صور، مثيليات ؛
336 _2rda content
_aText
337 _2rda media
_aunmediated
338 _2rda carrier
_avolume
362 0 _a.
504 _aيشتمل على ارجاعات ببليوجرافية.
546 _aالنص باللغة العربية
650 1 _2qrmak
651 1 _2qrmak
773 _tالمجلة المصرية للقانون المصري.
_gالمجلد الواحد والستون.
_w45551
856 _uhttps://fll.law.cu.edu.eg/fulltext/bks/B11-04659.pdf
905 _a76
942 _2ddc
_cBK
_e21
999 _c45560
_d45560